Ładuje się......

Minor structures of deformed rocks

Opis bibliograficzny
1. autor: Weiss, L E
Format: Printed Book
Język:English
Wydane: New York Springer-Verlag 1972
Hasła przedmiotowe:
LEADER 00648nam a2200253 a 4500
001 adlib96000001
003 ViArRB
005 20151026130701.0
008 960221s1955 dcuabcdjdbkoqu001 0deng d
020
022
040 |a Adlib 
082 |a 552.1 
245 |a Minor structures of deformed rocks 
250
260 |a New York  |b Springer-Verlag  |c 1972 
300 |a viii, 431p. 
500 |a   
100 |a Weiss, L E 
700
942 |c BK  |6 _ 
653 |a Rocks  |a deformed rocks  |a Rock mechanics 
999 |c 10596  |d 10596 
952 |0 0  |1 0  |4 0  |6 5521_WEI  |7 0  |9 22050  |a UL  |b UL  |d 2010-06-16  |o 552.1 WEI  |p 00006433  |r 2010-06-16  |w 2010-06-16  |y BK